000 00525nam a2200193Ia 4500
008 160319s9999 xx 000 0 und d
245 _aEl lobo :
245 _bthe song of the wolf /
245 _cNational Wildlife Federation.
260 _bEducational Technologies Ltd.
260 _c2005
300 _a1 videodisc (90 min.) :
300 _bsound., color ;
300 _c4 3/4 in.
440 _aWildlife survivors series.
650 _aCoyote.
650 _aMexican wolf.
650 _aWildlife conservation.
999 _c292543
_d292543